[Event "Lindores Abbey Tal Blitz 2021"]
[Site "Riga"]
[Date "2021.11.08"]
[Round "6.33"]
[White "Indjic, Aleksandar"]
[Black "Zhou, Jianchao"]
[Result "1-0"]
[WhiteElo "2612"]
[BlackElo "2616"]
[Annotator "ChessBase"]
[PlyCount "86"]
[EventDate "2021.11.02"]
[EventType "swiss"]
[EventCountry "LAT"]
[SourceTitle "playchess.com"]
[Source "ChessBase"]
[SourceQuality "1"]

1. Nc3 c5 2. e4 Nc6 3. g3 g6 4. Bg2 Bg7 5. f4 d6 6. Nh3 e5 7. d3 Nge7 8. Nf2
O-O 9. h4 Be6 10. h5 d5 11. h6 Bh8 12. Bd2 dxe4 13. Nfxe4 c4 14. dxc4 Bxc4 15.
Be3 exf4 16. gxf4 Nf5 17. Qxd8 Raxd8 18. Bd2 Ncd4 19. O-O-O b6 20. Rde1 Rfe8
21. Kb1 Ba6 22. Bc1 Ne6 23. Bh3 Kf8 24. b3 Ned4 25. a4 Bb7 26. Bg2 Ba8 27. Bb2
Re6 28. Reg1 Kg8 29. Ng5 Re7 30. Bxa8 Rxa8 31. Nd5 Rd7 32. c4 Ne6 33. Bxh8 Kxh8
34. Re1 Nxg5 35. fxg5 Nd4 36. Re3 Ne6 37. Re5 Rb8 38. Kb2 a6 39. Rhe1 b5 40.
cxb5 axb5 41. a5 b4 42. R1e2 Ra7 43. Nf6 Rba8 1-0

[Event "Lindores Abbey Tal Blitz 2021"]
[Site "Riga"]
[Date "2021.11.08"]
[Round "6.34"]
[White "Arabidze, Meri"]
[Black "Volokitin, Andrei"]
[Result "1/2-1/2"]
[WhiteElo "2441"]
[BlackElo "2656"]
[Annotator "ChessBase"]
[PlyCount "113"]
[EventDate "2021.11.02"]
[EventType "swiss"]
[EventCountry "LAT"]
[SourceTitle "playchess.com"]
[Source "ChessBase"]
[SourceQuality "1"]

1. Nf3 c5 2. g3 Nc6 3. c4 Nf6 4. Bg2 d5 5. cxd5 Nxd5 6. Nc3 Nc7 7. Qa4 Bd7 8.
Qe4 g6 9. d3 Bg7 10. O-O O-O 11. Qh4 e5 12. Qxd8 Rfxd8 13. Bg5 f6 14. Bd2 Rac8
15. Rfc1 b6 16. Ne4 Be6 17. Be3 Nd5 18. Bd2 h6 19. Nc3 Nde7 20. Be1 f5 21. b3
g5 22. Rab1 g4 23. Nd2 Nd4 24. e3 Ndc6 25. Bf1 Nb4 26. Nc4 Nxd3 27. Bxd3 Rxd3
28. Nb5 Nc6 29. Rd1 Rcd8 30. Rxd3 Rxd3 31. Kf1 e4 32. Ke2 a6 33. Nc7 Bc8 34.
Nxb6 Bb7 35. Rd1 Ne5 36. Na4 c4 37. bxc4 Rxd1 38. Kxd1 Nxc4 39. Nc5 Bc6 40. Kc2
a5 41. N7e6 Be5 42. Nd4 Bxd4 43. exd4 a4 44. Bd2 h5 45. Bf4 a3 46. Kc3 Bd5 47.
Nd7 Kf7 48. Ne5+ Nxe5 49. Bxe5 Ke6 50. Kb4 Bxa2 51. Kxa3 Bb1 52. Kb2 Bd3 53.
Kc3 Kd5 54. Kd2 Bb5 55. Ke3 Bd7 56. Bf4 Ke6 57. Be5 1/2-1/2

[Event "Lindores Abbey Tal Blitz 2021"]
[Site "Riga"]
[Date "2021.11.08"]
[Round "6.35"]
[White "Miezis, Normunds"]
[Black "Maghsoodloo, Parham"]
[Result "0-1"]
[WhiteElo "2446"]
[BlackElo "2706"]
[Annotator "TA"]
[PlyCount "52"]
[EventDate "2021.11.02"]
[EventType "swiss"]
[EventCountry "LAT"]
[SourceTitle "playchess.com"]
[Source "ChessBase"]
[SourceQuality "1"]

1. c4 e6 2. e4 c5 3. Nc3 Nc6 4. g3 g6 5. Bg2 Bg7 6. d3 Nge7 7. Nge2 d6 8. Rb1
a6 9. a3 Rb8 10. b4 b5 11. cxb5 axb5 12. O-O Ba6 13. Bf4 e5 14. Bg5 h6 15. Be3
Nd4 16. Qd2 h5 17. Rfc1 O-O 18. Bg5 Ne6 19. Bh6 Nc6 20. Nd5 Ncd4 21. Nxd4 cxd4
22. Bxg7 Kxg7 23. Bh3 Bb7 24. f4 h4 25. fxe5 Ng5 26. Bg2 dxe5 0-1

[Event "Lindores Abbey Tal Blitz 2021"]
[Site "Riga"]
[Date "2021.11.08"]
[Round "6.36"]
[White "Van Foreest, Jorden"]
[Black "Rakotomaharo, Fy Antenaina"]
[Result "1-0"]
[WhiteElo "2701"]
[BlackElo "2487"]
[Annotator "TA"]
[PlyCount "81"]
[EventDate "2021.11.02"]
[EventType "swiss"]
[EventCountry "LAT"]
[SourceTitle "playchess.com"]
[Source "ChessBase"]
[SourceQuality "1"]

1. b3 e5 2. Bb2 Nc6 3. c4 Nf6 4. e3 d5 5. cxd5 Nxd5 6. a3 Bd6 7. Qc2 Qe7 8. d3
O-O 9. Nd2 Bg4 10. Ngf3 Rad8 11. Be2 Kh8 12. b4 a6 13. h3 Bc8 14. Nc4 f5 15.
Nfd2 f4 16. e4 Nb6 17. Nxd6 Rxd6 18. Nf3 Rfd8 19. Rc1 Bd7 20. Qc5 Na4 21. Qc2
Nxb2 22. Qxb2 Be8 23. Qc3 Bh5 24. O-O Bxf3 25. Bxf3 Rxd3 26. Qc4 Rxf3 27. gxf3
Nd4 28. Qxc7 Qh4 29. Rfd1 h6 30. Rxd4 exd4 31. e5 d3 32. Rd1 Re8 33. Rxd3 Qg5+
34. Kh2 Rxe5 35. Rd8+ Kh7 36. Qc2+ Qf5 37. Qc4 Re1 38. Qg8+ Kg6 39. Rd6+ Kh5
40. Qxg7 Qg5 41. Rxh6+ 1-0

[Event "Lindores Abbey Tal Blitz 2021"]
[Site "Riga"]
[Date "2021.11.08"]
[Round "6.37"]
[White "Demchenko, Anton"]
[Black "Munguntuul, Batkhuyag"]
[Result "1-0"]
[WhiteElo "2655"]
[BlackElo "2433"]
[Annotator "ChessBase"]
[PlyCount "114"]
[EventDate "2021.11.02"]
[EventType "swiss"]
[EventCountry "LAT"]
[SourceTitle "playchess.com"]
[Source "ChessBase"]
[SourceQuality "1"]

1. e4 c5 2. Nf3 e6 3. g3 Nc6 4. Bg2 Nf6 5. Qe2 e5 6. O-O Be7 7. d3 O-O 8. Na3
Re8 9. Nc4 Bf8 10. Bg5 h6 11. Bxf6 Qxf6 12. Ne3 d6 13. c3 Be6 14. Nd2 Qd8 15.
f4 f6 16. f5 Bf7 17. Bf3 Ne7 18. c4 Nc6 19. Bh5 Qd7 20. Bxf7+ Qxf7 21. Nf3 Be7
22. h4 Bd8 23. Kh2 Kf8 24. a3 a5 25. Rab1 Ke7 26. Nd5+ Kd7 27. b4 axb4 28. axb4
Nxb4 29. Nxb4 cxb4 30. Rxb4 Kc8 31. Rfb1 Re7 32. Qb2 Ba5 33. Rb5 Rc7 34. Ra1
Rc5 35. Rb3 Ra6 36. Rb1 b6 37. Ra3 Qc7 38. Nd2 Rc6 39. Nf1 Kd7 40. Ne3 Ke8 41.
Nd5 Qc8 42. Qb5 Kf7 43. Qb2 Kf8 44. Rb3 Kf7 45. Qe2 Qd7 46. Kh3 Kg8 47. g4 Qa7
48. Qg2 Qf7 49. Kg3 Qe8 50. Kf3 Kh7 51. Rh1 Ra8 52. g5 Qh5+ 53. Qg4 Qxg4+ 54.
Kxg4 fxg5 55. hxg5 Rf8 56. Rb2 Rcc8 57. Rbh2 Kg8 1-0

[Event "Lindores Abbey Tal Blitz 2021"]
[Site "Riga"]
[Date "2021.11.08"]
[Round "6.38"]
[White "Kovalev, Vladislav"]
[Black "Padmini, Rout"]
[Result "0-1"]
[WhiteElo "2634"]
[BlackElo "2353"]
[Annotator "ChessBase"]
[PlyCount "78"]
[EventDate "2021.11.02"]
[EventType "swiss"]
[EventCountry "LAT"]
[SourceTitle "playchess.com"]
[Source "ChessBase"]
[SourceQuality "1"]

1. e4 c5 2. Be2 Nc6 3. d3 g6 4. f4 Bg7 5. Nf3 e6 6. O-O Nge7 7. c3 O-O 8. Be3
d6 9. d4 cxd4 10. cxd4 f5 11. e5 Nd5 12. Bc1 Qb6 13. Kh1 Bd7 14. Na3 Na5 15.
exd6 Qxd6 16. Ne5 Rac8 17. Bd2 Nc6 18. Nac4 Qe7 19. Nxc6 Bxc6 20. Ne5 Bxe5 21.
dxe5 Rfd8 22. Qb3 b6 23. Bf3 Bb7 24. Rad1 Kf7 25. a3 Qc5 26. Be2 h5 27. Qg3 Qe7
28. h3 Rc2 29. Qb3 Rdc8 30. Bd3 Rxd2 31. Rxd2 Ne3 32. Re1 Nxg2 33. Rxg2 Qh4 34.
Re3 Qf2 35. Be4 Rc1+ 36. Kh2 Qxf4+ 37. Reg3 Bxe4 38. Qa4 Rh1+ 39. Kxh1 Bxg2+
0-1

[Event "Lindores Abbey Tal Blitz 2021"]
[Site "Riga"]
[Date "2021.11.08"]
[Round "6.39"]
[White "Sarana, Alexey"]
[Black "Gunina, Valentina"]
[Result "1-0"]
[WhiteElo "2656"]
[BlackElo "2480"]
[Annotator "ChessBase"]
[PlyCount "145"]
[EventDate "2021.11.02"]
[EventType "swiss"]
[EventCountry "LAT"]
[SourceTitle "playchess.com"]
[Source "ChessBase"]
[SourceQuality "1"]

1. d4 d5 2. Nf3 Nf6 3. c4 c6 4. Nc3 dxc4 5. g3 Bf5 6. Bg2 e6 7. Ne5 Nbd7 8.
Nxc4 Be7 9. O-O O-O 10. e4 Bg6 11. Be3 b5 12. Nd2 b4 13. Na4 e5 14. Rc1 Bh5 15.
f3 exd4 16. Bxd4 Nb6 17. Be3 Qd3 18. Re1 Rfd8 19. Qb3 Nxa4 20. Qxa4 c5 21. Nc4
Qd7 22. Qxd7 Nxd7 23. Na5 Ne5 24. g4 Bg6 25. Rc2 Rac8 26. Rec1 f6 27. b3 Nd3
28. Rd1 Bf7 29. f4 Nxf4 30. Rxd8+ Bxd8 31. Nb7 Nxg2 32. Kxg2 Bg6 33. Kf3 Bb6
34. Nxc5 Re8 35. Rc4 a5 36. Nb7 Bd8 37. Nd6 Re6 38. Nf5 Be8 39. Rc8 g6 40. Rxd8
gxf5 41. gxf5 Re7 42. Bc5 Rc7 43. Rxe8+ Kf7 44. Rf8+ Kg7 45. Bd6 Rd7 46. Ra8
Rxd6 47. Rxa5 Kh6 48. Kf4 Rd2 49. Ra6 Rf2+ 50. Ke3 Rxh2 51. Rxf6+ Kg5 52. Rb6
Rxa2 53. Rxb4 h5 54. Rb8 Rb2 55. Rg8+ Kf6 56. Rg6+ Kf7 57. Rb6 h4 58. Kf4 h3
59. Rh6 Rxb3 60. e5 Kg7 61. Rh5 Kf7 62. Kg4 Re3 63. e6+ Kf6 64. Rh6+ Kg7 65.
Rxh3 Re1 66. Kg5 Rg1+ 67. Kf4 Rf1+ 68. Rf3 Re1 69. Rg3+ Kf6 70. Rg6+ Ke7 71.
Rg7+ Kd6 72. Rd7+ Kc6 73. Rd2 1-0

[Event "Lindores Abbey Tal Blitz 2021"]
[Site "Riga"]
[Date "2021.11.08"]
[Round "6.40"]
[White "Bluebaum, Matthias"]
[Black "Harika, Dronavalli"]
[Result "1-0"]
[WhiteElo "2647"]
[BlackElo "2511"]
[Annotator "ChessBase"]
[PlyCount "106"]
[EventDate "2021.11.02"]
[EventType "swiss"]
[EventCountry "LAT"]
[SourceTitle "playchess.com"]
[Source "ChessBase"]
[SourceQuality "1"]

1. d4 d5 2. c4 e6 3. Nc3 c6 4. Nf3 Nf6 5. Qc2 Nbd7 6. e4 dxe4 7. Nxe4 Nxe4 8.
Qxe4 c5 9. Be2 Be7 10. O-O cxd4 11. Nxd4 Nc5 12. Qe3 Bd7 13. Rd1 Qb6 14. Bd2
O-O 15. b4 Na4 16. c5 Qd8 17. Qb3 a5 18. a3 Bf6 19. Be3 Qe8 20. Rac1 axb4 21.
axb4 e5 22. Nf3 Be6 23. Qc2 Bg4 24. Qe4 Qc8 25. Ng5 Bf5 26. Qc4 Bxg5 27. Bxg5
h6 28. Be3 Nb2 29. Qc3 Nxd1 30. Rxd1 Rd8 31. Re1 Re8 32. Bb5 Bd7 33. Bc4 Be6
34. Bb5 Bd7 35. Be2 Bc6 36. h3 Qf5 37. Bg4 Qg6 38. Bc1 h5 39. Bf3 e4 40. Bd1 e3
41. f3 Rad8 42. Be2 Re6 43. Rf1 Rde8 44. b5 Bd5 45. Qd4 Bb3 46. Bb2 R6e7 47. f4
Re4 48. Qd7 R4e7 49. Qd4 Re4 50. Qc3 Bd5 51. f5 Qf6 52. Qc2 Qg5 53. Bf3 Rc4 1-0

[Event "Lindores Abbey Tal Blitz 2021"]
[Site "Riga"]
[Date "2021.11.08"]
[Round "6.41"]
[White "Saduakassova, Dinara"]
[Black "Sasikiran, Krishnan"]
[Result "0-1"]
[WhiteElo "2491"]
[BlackElo "2640"]
[Annotator "ChessBase"]
[PlyCount "94"]
[EventDate "2021.11.02"]
[EventType "swiss"]
[EventCountry "LAT"]
[SourceTitle "playchess.com"]
[Source "ChessBase"]
[SourceQuality "1"]

1. d4 Nf6 2. Nf3 e6 3. Bf4 b6 4. e3 Bb7 5. Bd3 d6 6. c4 Nbd7 7. Nc3 Nh5 8. Bg5
Be7 9. h4 h6 10. Bxe7 Qxe7 11. Qe2 Nhf6 12. e4 e5 13. d5 g6 14. Nd2 a5 15.
O-O-O Nc5 16. g3 h5 17. f3 c6 18. Nb3 Nxd3+ 19. Qxd3 cxd5 20. cxd5 Ba6 21. Qe3
Qd8 22. Kb1 b5 23. Rc1 O-O 24. g4 b4 25. Ne2 a4 26. Nd2 Rc8 27. Ng3 Rxc1+ 28.
Rxc1 hxg4 29. h5 Nh7 30. fxg4 Qg5 31. Qxg5 Nxg5 32. Nc4 Rd8 33. b3 a3 34. Kc2
Rc8 35. Kd3 Kg7 36. Nf1 Nh3 37. Rc2 Nf4+ 38. Ke3 Bxc4 39. bxc4 gxh5 40. Ng3
hxg4 41. Nf5+ Kf6 42. Nxd6 Rb8 43. Nb5 g3 44. Rc1 g2 45. d6 Ke6 46. Rg1 Kd7 47.
Kf3 Rc8 0-1

[Event "Lindores Abbey Tal Blitz 2021"]
[Site "Riga"]
[Date "2021.11.08"]
[Round "6.42"]
[White "Firat, Burak"]
[Black "Muzychuk, Mariya"]
[Result "0-1"]
[WhiteElo "2480"]
[BlackElo "2536"]
[Annotator "ChessBase"]
[PlyCount "56"]
[EventDate "2021.11.02"]
[EventType "swiss"]
[EventCountry "LAT"]
[SourceTitle "playchess.com"]
[Source "ChessBase"]
[SourceQuality "1"]

1. e4 e5 2. Nf3 Nc6 3. Bb5 a6 4. Ba4 Nf6 5. O-O Nxe4 6. d4 b5 7. Bb3 d5 8. dxe5
Be6 9. c3 Be7 10. Nbd2 Nc5 11. Bc2 d4 12. Nb3 d3 13. Bb1 Nxb3 14. axb3 Bf5 15.
Be3 O-O 16. Nd4 Nxd4 17. cxd4 c5 18. Bxd3 cxd4 19. Bf4 Qd7 20. Bxf5 Qxf5 21.
Qxd4 Rfd8 22. Qe3 Rd3 23. Qc1 Rxb3 24. Rd1 h6 25. h3 Rc8 26. Qd2 Rc2 27. Qd4
Bc5 28. Qd8+ Kh7 0-1

[Event "Lindores Abbey Tal Blitz 2021"]
[Site "Riga"]
[Date "2021.11.08"]
[Round "6.43"]
[White "Divya Deshmukh"]
[Black "Yilmaz, Mustafa"]
[Result "0-1"]
[WhiteElo "2310"]
[BlackElo "2626"]
[Annotator "ChessBase"]
[PlyCount "41"]
[EventDate "2021.11.02"]
[EventType "swiss"]
[EventCountry "LAT"]
[SourceTitle "playchess.com"]
[Source "ChessBase"]
[SourceQuality "1"]

1. e4 e5 2. Nf3 Nc6 3. Nc3 Nf6 4. Bb5 Bd6 5. d3 h6 6. g4 a6 7. Bc4 b5 8. Bb3
Na5 9. g5 hxg5 10. Bxg5 Nxb3 11. axb3 Bb7 12. Ne2 Bb4+ 13. c3 Be7 14. Ng3 d5
15. Nxe5 dxe4 16. dxe4 Qxd1+ 17. Rxd1 Nxe4 18. Bxe7 Nxg3 19. Rg1 Nf5 20. Ba3 f6
21. Ng4 0-1

[Event "Lindores Abbey Tal Blitz 2021"]
[Site "Riga"]
[Date "2021.11.08"]
[Round "6.44"]
[White "Arakhamia-Grant, Ketevan"]
[Black "Meshkovs, Nikita"]
[Result "0-1"]
[WhiteElo "2362"]
[BlackElo "2557"]
[Annotator "ChessBase"]
[PlyCount "74"]
[EventDate "2021.11.02"]
[EventType "swiss"]
[EventCountry "LAT"]
[SourceTitle "playchess.com"]
[Source "ChessBase"]
[SourceQuality "1"]

1. e4 c5 2. Nf3 Nc6 3. d4 cxd4 4. Nxd4 e6 5. Nc3 Qc7 6. Nb3 a6 7. Bd3 Nf6 8.
O-O b5 9. a3 Bb7 10. f4 d6 11. Be3 Be7 12. Qf3 g6 13. Rae1 h5 14. Kh1 Ng4 15.
Bg1 Bh4 16. Re2 Bf6 17. Qg3 b4 18. axb4 Nxb4 19. Bd4 Bxd4 20. Nxd4 Qb6 21. Nf3
O-O-O 22. Ng5 Rd7 23. Bc4 Kb8 24. Bb3 Rc7 25. Rd2 a5 26. Rfd1 Rd8 27. Rd4 Rcd7
28. h3 Nf6 29. Ba4 Nc6 30. R4d2 Ka8 31. Nb5 d5 32. e5 Ne8 33. Nd4 Nxd4 34. Rxd4
Rc7 35. c4 Ng7 36. Bc2 Qxb2 37. Qd3 Qb3 0-1

[Event "Lindores Abbey Tal Blitz 2021"]
[Site "Riga"]
[Date "2021.11.08"]
[Round "6.45"]
[White "Buksa, Nataliya"]
[Black "Stefanova, Antoaneta"]
[Result "0-1"]
[WhiteElo "2410"]
[BlackElo "2475"]
[Annotator "ChessBase"]
[PlyCount "138"]
[EventDate "2021.11.02"]
[EventType "swiss"]
[EventCountry "LAT"]
[SourceTitle "playchess.com"]
[Source "ChessBase"]
[SourceQuality "1"]

1. d4 d5 2. Nc3 Nf6 3. Bf4 c6 4. e3 Bf5 5. Nf3 e6 6. Ne5 h6 7. g4 Bh7 8. h4 Bb4
9. f3 Nbd7 10. Bd3 Qa5 11. Qd2 Bxd3 12. Qxd3 c5 13. a3 Bxc3+ 14. bxc3 cxd4 15.
exd4 Rc8 16. Bd2 Nxe5 17. dxe5 Nd7 18. f4 Nc5 19. Qe3 Ne4 20. f5 Nxd2 21. Qxd2
Qxc3 22. Qxc3 Rxc3 23. Kd2 Rc4 24. Rab1 b6 25. Rb4 Rc6 26. h5 O-O 27. c3 Rfc8
28. Rh3 Rc4 29. Rg3 Rxb4 30. axb4 Rc4 31. Kd3 Rf4 32. Rg1 a5 33. bxa5 bxa5 34.
fxe6 fxe6 35. Rb1 Re4 36. Rb5 a4 37. Ra5 Rxe5 38. Rxa4 Kf7 39. Ra7+ Kf6 40. Rb7
Re4 41. g5+ hxg5 42. Rb8 Rh4 43. Rf8+ Ke7 44. Rg8 Kf7 45. Rh8 g4 46. Ke3 Rh3+
47. Kf4 Rxc3 48. Kxg4 d4 49. Rd8 Rc4 50. Kg5 Rc5+ 51. Kf4 Rd5 52. Ra8 Rxh5 53.
Ke4 Rd5 54. Ra7+ Kf6 55. Ra8 d3 56. Rf8+ Ke7 57. Rf1 d2 58. Rd1 g5 59. Ke3 Kf6
60. Ke4 Kg6 61. Ke3 Kf5 62. Rf1+ Ke5 63. Rd1 g4 64. Kf2 Rd3 65. Ke2 Ke4 66. Kf2
g3+ 67. Ke2 e5 68. Kf1 Kf3 69. Kg1 Ke2 0-1

[Event "Lindores Abbey Tal Blitz 2021"]
[Site "Riga"]
[Date "2021.11.08"]
[Round "6.46"]
[White "Badelka, Olga"]
[Black "Abasov, Nijat"]
[Result "0-1"]
[WhiteElo "2438"]
[BlackElo "2634"]
[Annotator "ChessBase"]
[PlyCount "130"]
[EventDate "2021.11.02"]
[EventType "swiss"]
[EventCountry "LAT"]
[SourceTitle "playchess.com"]
[Source "ChessBase"]
[SourceQuality "1"]

1. c4 c5 2. g3 g6 3. Bg2 Bg7 4. Nc3 Nc6 5. e4 d6 6. Nge2 h5 7. O-O h4 8. d3 Nf6
9. Bg5 hxg3 10. fxg3 Bg4 11. Qd2 Qd7 12. Nd5 Bxe2 13. Qxe2 Nd4 14. Qf2 O-O-O
15. Nxf6 exf6 16. Bxf6 Bxf6 17. Qxf6 Ne2+ 18. Kf2 Nd4 19. h4 Kb8 20. b4 Rh5 21.
bxc5 dxc5 22. Rab1 Nc6 23. Qf4+ Ne5 24. Kg1 Ka8 25. Rfd1 Qd6 26. Qf2 a6 27. Qe2
Qd4+ 28. Qf2 Qd6 29. Qe2 Rd7 30. Rb3 Ka7 31. Qf2 Ng4 32. e5 Qxe5 33. Qf4 Qxf4
34. gxf4 Ne3 35. Re1 Nxg2 36. Kxg2 Rxh4 37. Kg3 Rh8 38. Re5 Rhd8 39. Rxc5 Rxd3+
40. Kg4 R3d7 41. Kg5 Re8 42. Re5 Rc8 43. c5 Rc6 44. Kg4 Rdc7 45. f5 gxf5+ 46.
Rxf5 Rxc5 47. Rf6 Ra5 48. a3 Ra4+ 49. Kg5 Rac4 50. Rff3 R4c6 51. Kf5 Rd6 52.
Ke5 Re6+ 53. Kf5 Rb6 54. Rbd3 Rcc6 55. Ke4 Re6+ 56. Kd5 Rbd6+ 57. Kc5 Rxd3 58.
Rxd3 Re5+ 59. Kd6 Ra5 60. Rf3 f5 61. Kc7 Rd5 62. Rb3 Rc5+ 63. Kd6 Rb5 64. Rf3
Kb6 65. a4 Rb4 0-1

[Event "Lindores Abbey Tal Blitz 2021"]
[Site "Riga"]
[Date "2021.11.08"]
[Round "6.47"]
[White "Sukandar, Irine Kharisma"]
[Black "Kosteniuk, Alexandra"]
[Result "0-1"]
[WhiteElo "2406"]
[BlackElo "2518"]
[Annotator "ChessBase"]
[PlyCount "64"]
[EventDate "2021.11.02"]
[EventType "swiss"]
[EventCountry "LAT"]
[SourceTitle "playchess.com"]
[Source "ChessBase"]
[SourceQuality "1"]

1. d4 Nf6 2. Bf4 d5 3. e3 c5 4. Nd2 Nc6 5. Ngf3 cxd4 6. exd4 Bf5 7. Bb5 e6 8.
O-O Bd6 9. Ne5 Rc8 10. c4 O-O 11. Bxc6 bxc6 12. c5 Bb8 13. Qa4 Nd7 14. Rfe1 f6
15. Nxd7 Qxd7 16. Bxb8 Rxb8 17. Nb3 Bc2 18. Re3 Rb5 19. Rae1 Bf5 20. h3 h5 21.
Qa6 Qc7 22. Rc3 Rfb8 23. Ree3 Kf7 24. Qa4 g5 25. Qa6 h4 26. Rf3 Rg8 27. Rfe3 g4
28. hxg4 Bxg4 29. a4 Rb4 30. Na5 Rxa4 31. Ra3 Rxd4 32. Nxc6 Rd1+ 0-1

[Event "Lindores Abbey Tal Blitz 2021"]
[Site "Riga"]
[Date "2021.11.08"]
[Round "6.48"]
[White "Lujan, Carolina"]
[Black "Morovic Fernandez, Ivan"]
[Result "0-1"]
[WhiteElo "2340"]
[BlackElo "2510"]
[Annotator "ChessBase"]
[PlyCount "82"]
[EventDate "2021.11.02"]
[EventType "swiss"]
[EventCountry "LAT"]
[SourceTitle "playchess.com"]
[Source "ChessBase"]
[SourceQuality "1"]

1. e4 e5 2. Nf3 Nc6 3. Bc4 Nf6 4. d3 Be7 5. O-O O-O 6. Re1 d6 7. a4 Na5 8. Ba2
c5 9. c3 Nc6 10. Nbd2 Be6 11. Nc4 h6 12. Bd2 Re8 13. b4 cxb4 14. cxb4 a6 15. a5
Nd7 16. Bc3 Bf8 17. Ne3 Bxa2 18. Rxa2 Nf6 19. Nc4 Qc7 20. Rc2 Rad8 21. Nb6 Qb8
22. Nh4 d5 23. Qf3 dxe4 24. dxe4 Bxb4 25. Nf5 Bxc3 26. Rxc3 Nd4 27. Nxd4 exd4
28. Rd3 Qc7 29. h3 Qc5 30. Ra1 Nxe4 31. Qg4 Nf6 32. Qh4 Re4 33. Qg3 Rde8 34.
Rf3 Kh8 35. Rxf6 gxf6 36. Nd7 Qf5 37. Nb6 d3 38. Kh2 Qe5 39. Rd1 Qxg3+ 40. Kxg3
Rd4 41. Kf3 d2 0-1

[Event "Lindores Abbey Tal Blitz 2021"]
[Site "Riga"]
[Date "2021.11.08"]
[Round "6.49"]
[White "Budisavljevic, Luka"]
[Black "Tregubov, Pavel V."]
[Result "1-0"]
[WhiteElo "2511"]
[BlackElo "2537"]
[Annotator "ChessBase"]
[PlyCount "153"]
[EventDate "2021.11.02"]
[EventType "swiss"]
[EventCountry "LAT"]
[SourceTitle "playchess.com"]
[Source "ChessBase"]
[SourceQuality "1"]

1. d4 Nf6 2. Nf3 e6 3. Bf4 b6 4. e3 Bb7 5. Bd3 c5 6. Nbd2 d6 7. c3 Nbd7 8. h3
Be7 9. O-O O-O 10. Qe2 Re8 11. Bh2 Bf8 12. Rfd1 Rc8 13. e4 cxd4 14. cxd4 Qc7
15. e5 dxe5 16. dxe5 Nd5 17. h4 g6 18. Ne4 Nc5 19. Nd6 Bxd6 20. exd6 Qd8 21.
Bb5 Bc6 22. h5 Bxb5 23. Qxb5 Nd7 24. h6 Rc5 25. Qe2 Qf6 26. Ne5 Nxe5 27. Bxe5
Qg5 28. Bd4 Rc6 29. Qe5 Qxe5 30. Bxe5 f6 31. Bg3 Kf7 32. Rac1 Rec8 33. Rxc6
Rxc6 34. Re1 e5 35. Rd1 Rxd6 36. f4 Ke6 37. fxe5 fxe5 38. Re1 Rc6 39. Rxe5+ Kd6
40. Rg5+ Kc5 41. Bf2+ Kc4 42. Rg4+ Kb5 43. Rg5 Rd6 44. Bg3 Rd7 45. Re5 Kc4 46.
Re6 Nb4 47. a3 Nd3 48. Re2 a5 49. Kh2 a4 50. Re6 b5 51. Rc6+ Kb3 52. Rb6 Kxb2
53. Rxb5+ Kxa3 54. Kh3 Ka2 55. Bh4 a3 56. Bf6 Nb2 57. g4 Nc4 58. Rb4 Rd3+ 59.
Kh4 Ne3 60. Rb5 Nd5 61. Be5 Nc3 62. Rb6 Ne4 63. Rb7 Rd5 64. Bh8 Rd3 65. Rxh7
Kb3 66. Rb7+ Kc2 67. Ra7 Nd2 68. h7 Nf3+ 69. Kg3 Ng5+ 70. Kf4 Nxh7 71. Rxh7 a2
72. Ra7 Kb1 73. Kg5 Rd6 74. Bf6 Rb6 75. Kxg6 Rb5 76. g5 Rb3 77. Kg7 1-0

[Event "Lindores Abbey Tal Blitz 2021"]
[Site "Riga"]
[Date "2021.11.08"]
[Round "6.50"]
[White "Dzagnidze, Nana"]
[Black "Melia, Salome"]
[Result "1-0"]
[WhiteElo "2524"]
[BlackElo "2371"]
[Annotator "ChessBase"]
[PlyCount "89"]
[EventDate "2021.11.02"]
[EventType "swiss"]
[EventCountry "LAT"]
[SourceTitle "playchess.com"]
[Source "ChessBase"]
[SourceQuality "1"]

1. c4 c5 2. Nf3 Nc6 3. Nc3 g6 4. d4 cxd4 5. Nxd4 Bg7 6. e3 Nf6 7. Be2 O-O 8. b3
Nxd4 9. exd4 d5 10. O-O b6 11. Bf4 Ba6 12. Rc1 Rc8 13. Nb5 dxc4 14. Nxa7 Ra8
15. Nc6 Qd7 16. Nb4 Bb7 17. bxc4 Rfd8 18. Be5 Ne4 19. Bxg7 Kxg7 20. d5 Nc5 21.
Bf3 e5 22. Rb1 Qd6 23. Nc6 Bxc6 24. dxc6 Qc7 25. Qc2 f5 26. Bd5 Ra3 27. Qb2 Ra7
28. Qxb6 Qxb6 29. Rxb6 Rxa2 30. Rfb1 Rc8 31. g3 Raa8 32. R6b5 Nd3 33. Rb7+ Kf6
34. Rxh7 Ra2 35. Rf7+ Kg5 36. c7 Nxf2 37. Be6 Nh3+ 38. Kf1 Rf2+ 39. Ke1 Rxc7
40. Rxc7 Rxh2 41. Rb6 Nf2 42. Bf7 Nd3+ 43. Kd1 Kg4 44. Bxg6 Nf2+ 45. Kc2 1-0

[Event "Lindores Abbey Tal Blitz 2021"]
[Site "Riga"]
[Date "2021.11.08"]
[Round "6.51"]
[White "Socko, Monika"]
[Black "Javakhishvili, Lela"]
[Result "0-1"]
[WhiteElo "2393"]
[BlackElo "2446"]
[Annotator "NA"]
[PlyCount "46"]
[EventDate "2021.11.02"]
[EventType "swiss"]
[EventCountry "LAT"]
[SourceTitle "playchess.com"]
[Source "ChessBase"]
[SourceQuality "1"]

1. d4 Nf6 2. Bg5 e6 3. Nd2 Be7 4. e4 h6 5. Be3 c5 6. dxc5 Na6 7. Bxa6 bxa6 8.
Ngf3 Qc7 9. b4 a5 10. c3 Ba6 11. a4 axb4 12. cxb4 Bb7 13. e5 Nd5 14. Qb3 a5 15.
bxa5 Nxe3 16. fxe3 Rxa5 17. Nc4 Rxc5 18. Nd6+ Bxd6 19. exd6 Rc1+ 20. Kf2 Qc2+
21. Qxc2 Rxc2+ 22. Kg3 Bxf3 23. gxf3 O-O 0-1

[Event "Lindores Abbey Tal Blitz 2021"]
[Site "Riga"]
[Date "2021.11.08"]
[Round "6.52"]
[White "Rogule, Laura"]
[Black "Kuybokarov, Temur"]
[Result "0-1"]
[WhiteElo "2289"]
[BlackElo "2549"]
[Annotator "ChessBase"]
[PlyCount "60"]
[EventDate "2021.11.02"]
[EventType "swiss"]
[EventCountry "LAT"]
[SourceTitle "playchess.com"]
[Source "ChessBase"]
[SourceQuality "1"]

1. c4 e5 2. Nc3 Nc6 3. g3 Bc5 4. Bg2 d6 5. e3 a6 6. Nge2 Ba7 7. f4 h5 8. h3 f5
9. d4 h4 10. c5 hxg3 11. b4 Bd7 12. a3 Nge7 13. fxe5 dxe5 14. d5 Nb8 15. Bb2
Ng6 16. Qd3 a5 17. Nb5 Na6 18. d6 c6 19. Nbc3 axb4 20. axb4 Nxb4 21. Qb1 Bxc5
22. Rxa8 Qxa8 23. O-O Bxe3+ 24. Kh1 Qd8 25. Rxf5 Bxf5 26. Qxf5 Qxd6 27. Be4 Ne7
28. Qf3 Rxh3+ 29. Kg2 Qh6 30. Nxg3 Rh2+ 0-1

[Event "Lindores Abbey Tal Blitz 2021"]
[Site "Riga"]
[Date "2021.11.08"]
[Round "6.53"]
[White "Cori T., Deysi"]
[Black "Golsta, Madara"]
[Result "1-0"]
[WhiteElo "2396"]
[BlackElo "2003"]
[Annotator "NA"]
[PlyCount "49"]
[EventDate "2021.11.02"]
[EventType "swiss"]
[EventCountry "LAT"]
[SourceTitle "playchess.com"]
[Source "ChessBase"]
[SourceQuality "1"]

1. d4 Nf6 2. Nf3 g6 3. g3 Bg7 4. Bg2 O-O 5. O-O c5 6. c3 d6 7. Nbd2 Nc6 8. dxc5
dxc5 9. Nb3 Nd7 10. Be3 b6 11. a4 Bb7 12. a5 Rc8 13. axb6 axb6 14. Qc2 Qc7 15.
Rfd1 Ra8 16. h4 Nde5 17. Bf4 Nxf3+ 18. Bxf3 Ne5 19. Bxb7 Qxb7 20. Nd2 Qc8 21.
Qe4 Rxa1 22. Rxa1 Qc6 23. Ra7 Qxe4 24. Nxe4 Nc4 25. b4 1-0